000 00833cam a22002654a 4500
999 _c3852
_d3852
001 4996399
003 GBCCL
005 20241126110505.0
008 990629s1999 mou 000 0 eng
010 _a 99038522
020 _a0570053447
040 _aDLC
_cDLC
_dDLC
042 _apcc
050 0 0 _aBV4811
_b.G68 1999
082 0 0 _a242.2
_221
_bGRU
100 1 _aGrube, Edward C.,
_d1947-
_97456
245 1 0 _aWatching the clock :
_b260 meditations from real life /
_cEdward Grube.
260 _aSt. Louis, MO :
_bCPH,
_cc1999.
300 _a260 p. ;
_c23 cm.
650 0 _aDevotional calendars.
_91878
906 _a7
_bcbc
_corignew
_d1
_eocip
_f19
_gy-gencatlg
942 _2ddc
_cBK